| 000 | 00636nam a22001937a 4500 | ||
|---|---|---|---|
| 003 | NUST-PNEC | ||
| 005 | 20170116180740.0 | ||
| 008 | 141214b xxu||||| |||| 00| 0 eng d | ||
| 020 | _a8176568406 | ||
| 040 | _cPNEC | ||
| 082 | _a005.7882 DAS | ||
| 245 |
_aProjects Using Oracle and Visual Basic _cSoma Dasgupta |
||
| 250 | _a1st ed. | ||
| 260 |
_aNew Delhi _bBPB Publications _cc.2004 |
||
| 300 |
_aix, 280 p. : _bill. ; _c24 cm. |
||
| 650 | _xMIS, Computer | ||
| 856 | _uhttp://www.amazon.com/Projects-Using-Oracle-Visual-Basic/dp/8176568406/ref=sr_1_1?s=books&ie=UTF8&qid=1418513011&sr=1-1&keywords=8176568406 | ||
| 942 |
_2ddc _cBK |
||
| 999 |
_c62168 _d62168 |
||